000 00423nam a2200169Ia 4500
005 20250423094929.0
008 250422s9999 xx 000 0 und d
020 _a0- 451- 21694- 6
050 _aPS3569.A51977A6
100 _aJoanna Carl
245 0 _aCrime de cocoa: three chocoholic mysteries
260 _bNew American library
260 _c2005
300 _a501 p
650 _aMichigan- fiction
942 _cBK
999 _c28726
_d28726